000 00437nam a22001697a 4500
003 NUST - PNEC
005 20170116181139.0
008 151007b xxu||||| |||| 00| 0 eng d
020 _a9781416527787
040 _cLIBRARY
082 _a954.91053 MUS
100 _914550
_aMusharraf, Pervez
245 _a In the line of fire : a memoir
_cPervez Musharraf
260 _cc.2006
650 _914556
_aPresidents
_xME
942 _2ddc
_cBK
999 _c70428
_d70428